MARC

Tag First Indicator Second Indicator Subfields
LEADER 00000cjm a2200000 a 4500
001 in00001402370
005 20151020054143.0
006 m i
007 sd fsngnn|||ee
007 sd fsngnn|||ed
008 970218p19961962nyumun ei N/A d
024 1 |a 2435662770 
028 0 0 |a 7243 5 66277 0 3  |b EMI 
028 0 0 |a CDU 7243 5 66277 0 3  |b EMI 
028 0 0 |a 66277  |b EMI 
035 |a (OCoLC)36405038 
035 |9 AHN0564AM 
040 |a SVP  |c SVP  |d CPL  |d TXA  |d UtOrBLW 
041 0 |g eng 
047 |a sy  |a co  |a ov 
048 |a oa 
048 |b sc01  |a oa 
049 |a TXAM 
090 |a M1000.D99  |b D8 1996 
100 1 |a Dvořák, Antonín,  |d 1841-1904. 
240 1 0 |a Orchestra music.  |k Selections 
245 1 0 |a Dvořák for dummies. 
264 1 |a New York, NY :  |b EMI,  |c [1996] 
264 4 |c ℗1996 
300 |a 1 sound disc :  |b digital, stereo. ;  |c 4 3/4 in. 
306 |a 001244  |a 001233  |a 001629  |a 001053  |a 000933 
336 |a performed music  |b prm  |2 rdacontent 
337 |a audio  |b s  |2 rdamedia 
338 |a audio disc  |b sd  |2 rdacarrier 
490 1 |a Classics for dummies 
500 |a EMI: 7243 5 66277 0 3 (additional number on container: CDU 7243 5 66277 0 3). 
511 0 |a Various performers. 
500 |a Previously released 1962-1993. 
500 |a "Enhanced CD"--Container. 
538 |a Runs on some CD-ROM drives with Macintosh, Windows 3.1, Windows 95 and Windows NT; 5 MB RAM; "will not work on older single-session CD-ROM drives and some newer multi-session drives"--Insert. 
500 |a Program notes by David Foil (11 pages) inserted in container. 
505 0 |a Scherzo capriccioso : op. 66 (Oslo Philharmonic Orchestra; Mariss Jansons, conductor) (12:44) -- Symphony no. 9 in E minor, op. 95 : "From the New World." II., Largo (Philharmonia Orchestra; Carlo Maria Giulini, conductor) (12:33) -- Cello concerto in B minor, op. 104. I., Allegro (Mstislav Rostropovich, violoncello; London Philharmonic Orchestra; Giulini) (16:29) -- Symphony no. 8 in G major, op. 88. II., Adagio (Oslo Philharmonic; Jansons) (10:53) -- Carnival overture : op. 92 (Philharmonia Orchestra; Giulini) (9:33). 
500 |a Sound recording. 
650 0 |a Orchestral music. 
650 0 |a Symphonies  |v Excerpts. 
650 0 |a Concertos (Cello)  |v Excerpts. 
650 0 |a Overtures. 
650 0 |a Music  |x Interactive multimedia. 
650 0 |a Music appreciation  |v Music collections. 
700 1 |a Jansons, Mariss,  |d 1943-  |e conductor. 
700 1 |a Giulini, Carlo Maria,  |e conductor. 
700 1 |a Rostropovich, Mstislav,  |d 1927-2007,  |e performer. 
700 1 2 |a Dvořák, Antonín,  |d 1841-1904.  |t Scherzo capriccioso. 
700 1 2 |a Dvořák, Antonín,  |d 1841-1904.  |t Symphonies,  |n no. 9, op. 95,  |r E minor.  |p Largo. 
700 1 2 |a Dvořák, Antonín,  |d 1841-1904.  |t Concertos,  |m cello, orchestra,  |n op. 104,  |r B minor.  |p Allegro. 
700 1 2 |a Dvořák, Antonín,  |d 1841-1904.  |t Symphonies,  |n no. 8, op. 88,  |r G major.  |p Adagio. 
700 1 2 |a Dvořák, Antonín,  |d 1841-1904.  |t Příroda, život a láska.  |p Karneval. 
710 2 |a Filharmoniske selskap (Oslo, Norway).  |b Orkester,  |e performer. 
710 2 |a Philharmonia Orchestra (London, England),  |e performer. 
710 2 |a London Philharmonic Orchestra,  |e performer. 
710 2 |a EMI (Firm) 
830 0 |a Classics for dummies. 
999 |a MARS 
999 f f |s 6742dfed-408b-3811-8d22-23b5dd5c53b5  |i 041b0ac4-dae1-3619-8917-f29a77395310  |t 0 
952 f f |p ric  |a Texas A&M University  |b Rellis Campus  |c Joint Library Facility  |d Remote Storage  |t 0  |e M1000.D99 D8 1996  |h Library of Congress classification  |i audio -- audio disc  |m A14822084483 
998 f f |a M1000.D99 D8 1996  |t 0  |l Remote Storage